20 Countries With The Highest Population Density - Statistics

General Stats
  • This quiz has been taken 19 times
  • The average score is 13 of 20
Answer Stats
Country % Correct
19,285.1 Monaco
94%
1,161.5 Bangladesh
88%
437.5 India
82%
1,727.3 Malta
82%
553.4 San Marino
82%
8,230.4 Singapore
82%
1736.4 Vatican City
82%
515.4 South Korea
76%
663.9 Taiwan
76%
430.3 Netherlands
71%
442.1 Israel
65%
2,027.1 Bahrain
59%
1,753.3 Maldives
53%
618.2 Mauritius
53%
562.8 Nauru
53%
491.9 Burundi
47%
457.0 Comoros
47%
552.5 Lebanon
47%
529.8 Rwanda
47%
656.6 Barbados
29%
No matching quizzes found
Score Distribution
Percent of People with Each Score
Percentile by Number Answered
Your Score History
You have not taken this quiz